| Поле | Инд. | ПП | Название | Значение |
|---|---|---|---|---|
| Тип записи | a | |||
| Библиографический уровень | b | |||
| 001 | Контрольный номер | RU/IS/BASE/137767775 | ||
| 005 | Дата корректировки | 20200522190831.2 | ||
| 084 | a | Индекс другой классификации/Индекс ББК | 60.521.8(2Рос) | |
| a | Индекс другой классификации/Индекс ББК | 60.524.122.115 | ||
| 100 | 1_ | a | Автор | Вишневский А. Г. |
| q | Полное имя | Вишневский Анатолий Григорьевич | ||
| 245 | a | Заглавие | Модернизация и контрмодернизация: чья возьмет? | |
| 504 | a | Библиография | Библиогр.: с. 25 | |
| 650 | a | Основная рубрика | социология | |
| 653 | a | Ключевые слова | идеология общества | |
| a | Ключевые слова | модернизация | ||
| a | Ключевые слова | модернизация экономики | ||
| a | Ключевые слова | общественные процессы | ||
| a | Ключевые слова | переходная экономика | ||
| a | Ключевые слова | политика | ||
| a | Ключевые слова | политическая модернизация | ||
| a | Ключевые слова | российское общество | ||
| a | Ключевые слова | Россия | ||
| a | Ключевые слова | рыночная экономика | ||
| a | Ключевые слова | советская экономика | ||
| a | Ключевые слова | советское общество | ||
| a | Ключевые слова | социальная структура | ||
| a | Ключевые слова | социальные процессы | ||
| a | Ключевые слова | социология групп | ||
| a | Ключевые слова | средний класс | ||
| a | Ключевые слова | экономика | ||
| 773 | t | Заглавие источника | Общественные науки и современность | |
| d | Дата издания источника | 2004 | ||
| g | Прочая информация | № 1. - С. 17 - 25 | ||
| w | Контрольный № источника | RU/IS/BASE/129046545 | ||
| 901 | t | Тип документа | b |